| 000 | 004500000a22001810004500 | ||
|---|---|---|---|
| 003 | MACL | ||
| 005 | 20150915143220.0 | ||
| 008 | 150915b xxu||||| |||| 00| 0 eng d | ||
| 040 |
_aMACL _cMACL |
||
| 041 | _aEnglish | ||
| 082 | _a823/DUB | ||
| 100 |
_aDubey, Nimish _911179 |
||
| 245 | _aKesariya Bana and Other Tales of Valour | ||
| 260 |
_bPonytale Books _c2007 _aDelhi |
||
| 350 | _a125 | ||
| 650 |
_aStories _911180 |
||
| 942 |
_cBK _k823/DUB _2ddc |
||
| 999 |
_c42558 _d42558 |
||